000 00752nam 22002413 4500
001 199838
010 _a978-989-8245-41-0
021 _aPT
_b413918/16
090 _a199838
100 _a20260112d u||y0pory50 ba
200 _aMão Verde
_elivro & disco
_fLetra e voz Ana Matos Fernandes (Capicua), música Pedro Geraldes
_gilustração Maria Herreros
210 _a[Lisboa]
_cEdições Valentim de Carvalho
_dcop. 2016
215 _a[56] p.
_cil. ; encadernado
_d25 cm
606 _922
_aLiteratura Infantil Portuguesa
610 _aPoesia
610 _aMúsica
675 _a821.134.3-1-93
_vPT
_zpor
675 _a78
_vPT
_zpor
700 _93618
_aCapicua
701 _915660
_aGeraldes
_bPedro
801 _aPT
_bBMMN
_gRPC
830 _cIsabel
990 _cLIVROS